[Event "Tradewise Gibraltar"]
[Site "Caleta ENG"]
[Date "2015.01.31"]
[EventDate "2015.01.27"]
[Round "5.110"]
[Result "1/2-1/2"]
[White "Mitchell R Burke"]
[Black "Medhi Fomani"]
[WhiteElo "1928"]
[BlackElo "2033"]
[PlyCount "92"]

1. e4 d5 2. exd5 Qxd5 3. Nc3 Qa5 4. Bc4 Nf6 5. d3 c6 6. Ne2 Bg4 7. O-O e6 8. f3
Bf5 9. Ng3 Bg6 10. Nce4 Be7 11. Kh1 O-O 12. Ne2 Nbd7 13. Nf4 Rad8 14. Qe1 Qxe1
15. Rxe1 Nxe4 16. dxe4 Ne5 17. Be2 Bb4 18. Rf1 Bc5 19. Nd3 Nxd3 20. Bxd3 f6 21.
Re1 e5 22. Be3 Bd4 23. Bxd4 Rxd4 24. Kg1 Rfd8 25. Kf2 Bf7 26. Ke3 b5 27. b3 a6
28. Rad1 Kf8 29. c3 R4d6 30. Be2 Ke7 31. Rxd6 Rxd6 32. Rd1 Rxd1 33. Bxd1 Kd6 34.
Bc2 Kc5 35. Kd3 g5 36. a3 h5 37. h3 Be6 38. g4 h4 39. Bd1 a5 40. Bc2 Kb6 41. Ke3
Bf7 42. Bd1 c5 43. b4 Ba2 44. Be2 Bb3 45. Kd2 Ba2 46. Ke3 1/2-1/2

[Event "Tradewise Gibraltar"]
[Site "Caleta ENG"]
[Date "2015.01.31"]
[Round "5.111"]
[White "Moritz Weishaeutel"]
[Black "Nnamdi Nwoye"]
[Result "1-0"]
[WhiteElo "1905"]
[BlackElo "2015"]
[Annotator "Wall,Bill"]
[PlyCount "31"]
[EventDate "2015.01.27"]

1. e4 c5 2. Nf3 Nc6 3. d4 cxd4 4. Nxd4 Nf6 5. Nc3 g6 6. Be3 Bg7 7. f3 d5 8. Bb5
Bd7 9. exd5 Nb4 10. Bc4 Qa5 $2 (10... O-O) 11. Qd2 (11. Nb3) 11... Rc8 (11...
Qc5) 12. Bb3 Nfxd5 $2 (12... Qa6) 13. Nxd5 Bxd4 14. Bxd4 Nxc2+ 15. Bxc2 Qxd5
16. Bxh8 1-0

[Event "Tradewise Gibraltar"]
[Site "Caleta ENG"]
[Date "2015.02.01"]
[Round "6.26"]
[White "Anna Muzychuk"]
[Black "Alan J Walton"]
[Result "1-0"]
[WhiteElo "2544"]
[BlackElo "2129"]
[Annotator "Wall,Bill"]
[PlyCount "180"]
[EventDate "2015.01.27"]

1. e4 e6 2. d4 d5 3. Nc3 Nf6 4. Bg5 Bb4 5. e5 h6 6. Be3 Ne4 7. a3 Bxc3+ 8. bxc3
c5 9. Bd3 Nxc3 10. Qg4 Kf8 11. dxc5 Nc6 12. Nf3 d4 13. Bd2 Qd5 14. Bxc3 dxc3
15. O-O Nxe5 16. Nxe5 Qxe5 17. Rad1 Bd7 18. Be4 Bc6 19. Bxc6 bxc6 20. Rfe1 Qxc5
21. Rd7 Kg8 22. Rxe6 Qxa3 23. h4 Qc1+ 24. Kh2 Qxc2 25. Qf3 Rf8 26. Rxc6 Qa4 27.
h5 Qh4+ 28. Kg1 Qb4 29. Rc8 Qb1+ 30. Kh2 Kh7 31. Rxc3 Rhg8 32. Rb7 Qe1 33. Rxa7
Qe5+ 34. g3 Rc8 35. Rxc8 Rxc8 36. Qxf7 Rg8 37. Ra6 Kh8 38. Re6 Qc3 39. Qf4 Qd3
40. Qe5 Qd2 41. Kh3 Qc1 42. Kg2 Qd2 43. Rd6 Qc1 44. g4 Kh7 45. Rg6 Qd1 46. Qc3
Qd7 47. Qe5 Rf8 48. Re6 Qd2 49. Qe2 Qg5 50. Qe4+ Kg8 51. Re5 Qc1 52. g5 hxg5
53. h6 Qf4 54. Qxf4 gxf4 55. Rg5 f3+ 56. Kg3 Rf6 57. hxg7 Rf7 58. Kg4 Rf6 59.
Kh4 Rh6+ 60. Kg3 Rf6 61. Kg4 Rf7 62. Rg6 Ra7 63. Kxf3 Ra4 64. Kg3 Rc4 65. f4
Rc1 66. Kf3 Rc7 67. Kg4 Rc1 68. Kf5 Rc5+ 69. Ke4 Rc4+ 70. Ke5 Rc5+ 71. Kd4 Ra5
72. Rg2 Ra4+ 73. Ke5 Ra5+ 74. Kf6 Ra6+ 75. Kf5 Ra5+ 76. Kg6 Ra6+ 77. Kh5 Ra5+
78. Kg6 Ra6+ 79. Kh5 Ra5+ 80. Kh4 Ra6 81. Rg5 Ra1 82. Kh5 Ra6 83. Kg4 Ra1 84.
Kh5 Ra6 85. f5 Rf6 86. Kg4 Rf7 87. Rg6 Rxg7 88. Kg5 Kf7 $4 (88... Kf8) (88...
Kh8) (88... Kh7) (88... Rxg6+ $4 89. Kxg6) 89. Kh6 Rxg6+ (89... Rg8 90. Rxg8
Kxg8 91. Kg6 Kf8 92. Kf6) 90. fxg6+ Kg8 1-0

[Event "Tradewise Gibraltar"]
[Site "Caleta ENG"]
[Date "2015.02.01"]
[EventDate "2015.01.27"]
[Round "6.42"]
[Result "0-1"]
[White "Rasmus Svane"]
[Black "Johan Salomon"]
[WhiteElo "2496"]
[BlackElo "2319"]
[PlyCount "152"]

1. d4 Nf6 2. c4 e6 3. Nc3 Bb4 4. e3 O-O 5. Ne2 Re8 6. a3 Bf8 7. d5 d6 8. Ng3 g6
9. Be2 exd5 10. cxd5 h5 11. h3 Nbd7 12. Qc2 c6 13. dxc6 bxc6 14. O-O d5 15. Rd1
Bd6 16. b4 Qc7 17. Nf1 a5 18. b5 cxb5 19. Bxb5 Bb7 20. Bb2 Rac8 21. Rac1 Red8
22. Qb1 Qb8 23. Ne2 Ne5 24. Qa1 Ne4 25. a4 Kh7 26. Bd4 Nc4 27. Rc2 Na3 28. Rxc8
Rxc8 29. Rc1 Nc2 30. Qb1 Nxd4 31. Nxd4 Nc3 32. Qb2 Bb4 33. Nd2 Qd6 34. Nb1 Ne4
35. Rxc8 Bxc8 36. Nc2 Bc5 37. Nc3 Qf6 38. Nd1 Qg5 39. Kh1 Qh4 40. Ne1 Bxh3 41.
Kg1 Bg4 42. Be2 Bd6 43. Nf3 Bxf3 44. Bxf3 Qh2+ 45. Kf1 Qh1+ 46. Ke2 Bb4 47. Kd3
Qh4 48. Qd4 Nc5+ 49. Kc2 Qxd4 50. exd4 Nxa4 51. Bxd5 Kg7 52. Bc6 Nb6 53. Nb2 Kf6
54. Kb3 Ke7 55. Nc4 Nxc4 56. Kxc4 g5 57. Kd5 g4 58. Ke5 h4 59. Kf4 h3 60. gxh3
gxh3 61. Kg3 Be1 62. Kxh3 Bxf2 63. d5 f5 64. Kg2 Bc5 65. Kf3 Kf6 66. Ba4 Ke5 67.
Bb3 f4 68. Ke2 Kd4 69. Kd2 Bb4+ 70. Ke2 Kc3 71. Ba4 Bd6 72. Kd1 Kb4 73. Bc2 a4
74. Kc1 a3 75. Bd1 Kc3 76. Kb1 Kd2 0-1

[Event "Tradewise Gibraltar"]
[Site "Caleta ENG"]
[Date "2015.02.01"]
[EventDate "2015.01.27"]
[Round "6.43"]
[Result "1-0"]
[White "Lela Javakhishvili"]
[Black "Santos Ruiz, Miguel"]
[WhiteElo "2486"]
[BlackElo "2310"]
[PlyCount "70"]

1. d4 Nf6 2. c4 e6 3. Nc3 Bb4 4. e3 b6 5. Ne2 c5 6. a3 Ba5 7. Bd2 Bb7 8. b4 cxb4
9. Nb5 Qe7 10. c5 bxc5 11. axb4 Bxb4 12. Bxb4 cxb4 13. Nc7+ Kd8 14. Nxa8 Nc6 15.
Nc1 Nd5 16. Nb3 Nc3 17. Qh5 Bxa8 18. Bd3 g6 19. Qh3 Kc7 20. O-O d6 21. e4 Kb8
22. Qe3 Qc7 23. Rfc1 Bb7 24. Ba6 Rc8 25. Nd2 Qb6 26. Nf3 Rf8 27. e5 Kc7 28.
exd6+ Kxd6 29. Re1 Nd5 30. Qd3 Ke7 31. Ng5 Kd6 32. Bb5 a5 33. Nf3 Nf6 34. Nh4
Qd8 35. Rad1 Nd5 1-0

[Event "Tradewise Gibraltar"]
[Site "Caleta ENG"]
[Date "2015.02.01"]
[Round "6.70"]
[White "Tom Rydstrom"]
[Black "Martin Nilsen"]
[Result "1-0"]
[WhiteElo "2292"]
[BlackElo "2011"]
[Annotator "Wall,Bill"]
[PlyCount "35"]
[EventDate "2015.01.27"]

1. e4 e6 2. d4 d5 3. Nc3 Nf6 4. e5 Nfd7 5. f4 c5 6. Nf3 Nc6 7. Be3 Qb6 8. Na4
Qc7 9. dxc5 d4 $2 (9... Qa5+) 10. Nxd4 Nxc5 11. Nc3 Nxd4 12. Qxd4 Bd7 13. Nb5
Bxb5 $2 (13... Qb6) 14. Bxb5+ Nd7 15. O-O-O O-O-O 16. Qxa7 Nb6 17. Bxb6 Qb8 18.
Rxd8# 1-0

[Event "Tradewise Gibraltar"]
[Site "Caleta ENG"]
[Date "2015.02.01"]
[EventDate "2015.01.27"]
[Round "6.73"]
[Result "1-0"]
[White "Xander Wemmers"]
[Black "Rodriguez Alvarez, Vidal"]
[WhiteElo "2353"]
[BlackElo "2122"]
[PlyCount "66"]

1. d4 Nf6 2. c4 e6 3. Nc3 Bb4 4. e3 O-O 5. Bd3 d5 6. cxd5 exd5 7. Ne2 Re8 8. O-O
Nbd7 9. Qb3 Bd6 10. f3 Nb6 11. Qc2 c5 12. Bd2 a6 13. Rae1 Bd7 14. dxc5 Bxc5 15.
Nxd5 Rc8 16. Nxf6+ Qxf6 17. Nc3 Na4 18. Nxa4 Bxe3+ 19. Bxe3 Rxc2 20. Bxc2 Bb5
21. Rf2 Qf4 22. g3 Qb4 23. Nc3 h5 24. a3 Qa5 25. Bd2 Rxe1+ 26. Bxe1 Bc6 27. Kg2
h4 28. gxh4 Qh5 29. Rf1 f5 30. Bg3 Qf7 31. Rd1 g6 32. Rd8+ Be8 33. Nd5 1-0

[Event "Tradewise Gibraltar"]
[Site "Caleta ENG"]
[Date "2015.02.01"]
[Round "6.89"]
[White "Boyer Censore, Giuseppe Enmanuel"]
[Black "Tobias Hellwig"]
[Result "1-0"]
[WhiteElo "1960"]
[BlackElo "2172"]
[Annotator "Wall,Bill"]
[PlyCount "29"]
[EventDate "2015.01.27"]

1. e4 Nf6 2. e5 Nd5 3. d4 d6 4. Nf3 dxe5 5. Nxe5 g6 6. Bc4 c6 7. Nc3 Be6 8. Ne4
Nc7 9. Bxe6 Nxe6 10. c3 Bg7 11. Qb3 Qd5 (11... Bxe5) 12. Qxb7 Qxe4+ 13. Be3
Bxe5 14. dxe5 Nc5 $4 (14... O-O) 15. Qc8# 1-0

[Event "Tradewise Gibraltar"]
[Site "Caleta ENG"]
[Date "2015.02.01"]
[Round "6.98"]
[White "Franziska Beltz"]
[Black "Dustin Tennessee Opasiak"]
[Result "1-0"]
[WhiteElo "2130"]
[BlackElo "1729"]
[Annotator "Wall,Bill"]
[PlyCount "35"]
[EventDate "2015.01.27"]

1. e4 e5 2. d4 exd4 3. Qxd4 Nc6 4. Qe3 d6 5. Bd2 Be6 6. Nc3 Nf6 7. O-O-O Ng4 8.
Qg3 Qe7 9. Nd5 Qd7 10. Bc3 h5 11. f4 h4 12. Qe1 O-O-O $2 (12... Bxd5) 13. h3
Bxd5 $2 (13... Nh6) 14. exd5 Re8 15. dxc6 Qxc6 16. Qd2 Nf6 17. Bd3 Nd5 18. Bf5+
1-0

[Event "Tradewise Gibraltar"]
[Site "Caleta ENG"]
[Date "2015.02.01"]
[Round "6.103"]
[White "Alistair Compton"]
[Black "Christian Klug"]
[Result "1-0"]
[WhiteElo "2071"]
[BlackElo "1884"]
[Annotator "Wall,Bill"]
[PlyCount "27"]
[EventDate "2015.01.27"]

1. e4 c6 2. d4 d5 3. Nc3 dxe4 4. Nxe4 Bf5 5. Ng3 Bg6 6. h4 h6 7. Nf3 Nf6 8. Ne5
Bh7 9. Bc4 e6 10. Qe2 Nd5 11. O-O Be7 12. Nh5 Bf6 (12... Rg8) 13. Nxf6+ Qxf6 $2
(13... gxf6) 14. Bxd5 (14. Bxd5 cxd5 15. Qb5+ Nc6 16. Qxb7) 1-0

[Event "Tradewise Gibraltar"]
[Site "Caleta ENG"]
[Date "2015.02.01"]
[EventDate "2015.01.27"]
[Round "6.112"]
[Result "1/2-1/2"]
[White "Henderson de La Fuente, Lance"]
[Black "Christophe-hayot, Romain"]
[WhiteElo "2014"]
[BlackElo "1793"]
[PlyCount "114"]

1. e4 d5 2. exd5 Qxd5 3. Nc3 Qa5 4. Bc4 Nf6 5. d3 c6 6. Ne2 g6 7. O-O Bg7 8. Bd2
Qc7 9. Ng3 O-O 10. Qe2 Re8 11. Rae1 Nbd7 12. Nge4 Nxe4 13. Nxe4 Nf6 14. Ng5 e6
15. f4 h6 16. Nf3 Qb6+ 17. Kh1 Qxb2 18. Rb1 Qa3 19. Bb4 Qa4 20. a3 b5 21. Bb3
Qa6 22. a4 Bd7 23. Ne5 Qc8 24. f5 gxf5 25. Rf3 Nd5 26. Bd2 Qc7 27. Rg3 Kf8 28.
Nxf7 Kxf7 29. Qh5+ Ke7 30. Rxg7+ Kd8 31. Bxd5 exd5 32. Qf7 Qd6 33. axb5 c5 34.
Bxh6 Qe6 35. Qxe6 Rxe6 36. Bg5+ Kc8 37. h4 Be8 38. Rg8 Kb7 39. Rf1 Bg6 40. Rxa8
Kxa8 41. h5 Bxh5 42. Rxf5 Re1+ 43. Kh2 Re2 44. Bf4 Be8 45. c4 dxc4 46. dxc4 Re4
47. Rf8 Kb7 48. Kg3 a5 49. bxa6+ Kxa6 50. Kf3 Bc6 51. Kf2 Rxc4 52. g4 Re4 53.
Rf6 Kb7 54. g5 c4 55. g6 Bd5 56. g7 c3 57. Bc1 1/2-1/2

[Event "Tradewise Gibraltar"]
[Site "Caleta ENG"]
[Date "2015.02.01"]
[EventDate "2015.01.27"]
[Round "6.113"]
[Result "0-1"]
[White "Ingrid Andrea Greibrokk"]
[Black "Kimia Moradi"]
[WhiteElo "1758"]
[BlackElo "1984"]
[PlyCount "64"]

1. e4 e5 2. Nf3 Nc6 3. Bb5 Nf6 4. d3 Bc5 5. O-O d6 6. h3 O-O 7. c3 Bd7 8. Bg5
Ne7 9. Bc4 h6 10. Bxf6 gxf6 11. Nh4 Kh7 12. Qh5 Be6 13. Nf5 Nxf5 14. Bxe6 fxe6
15. exf5 Qe8 16. Qf3 exf5 17. Qxf5+ Qg6 18. Qf3 c6 19. Nd2 d5 20. Rae1 Rae8 21.
Nb3 Bb6 22. d4 e4 23. Qf4 Rg8 24. g4 Rg7 25. Qg3 Bc7 26. Qg2 f5 27. f3 exf3 28.
Qxf3 fxg4 29. hxg4 Qh5 30. Qd3+ Re4 31. Re2 Rxg4+ 32. Kf2 Qh4+ 0-1

[Event "Tradewise Gibraltar"]
[Site "Caleta ENG"]
[Date "2015.02.02"]
[EventDate "2015.01.27"]
[Round "7.52"]
[Result "0-1"]
[White "Andy Baert"]
[Black "Qi Guo"]
[WhiteElo "2114"]
[BlackElo "2439"]
[PlyCount "84"]

1. d4 Nf6 2. c4 e6 3. Nc3 Bb4 4. e3 O-O 5. Bd3 d5 6. cxd5 exd5 7. Ne2 Re8 8. Bd2
Bd6 9. Rc1 c6 10. f3 c5 11. Nb5 c4 12. Nxd6 Qxd6 13. Bb1 b5 14. O-O Nc6 15. Qe1
a5 16. Qf2 Ra7 17. g4 b4 18. Ng3 Ba6 19. Nf5 Qe6 20. Rfe1 Raa8 21. Qh4 Red8 22.
Qg5 g6 23. Kh1 Ne8 24. e4 f6 25. Qh6 gxf5 26. exd5 Qxd5 27. Bxf5 Qxf3+ 28. Kg1
Ra7 29. Be6+ Rf7 30. Re3 Nxd4 31. Rxf3 Nxf3+ 32. Kf2 Nxd2 33. Re1 Nd6 34. Bxf7+
Nxf7 35. Qxf6 Bb7 36. Qe7 Bd5 37. Re5 Rd6 38. Re2 c3 39. bxc3 bxc3 40. Qe8+ Kg7
41. Qa4 Rf6+ 42. Kg3 Nf1+ 0-1

[Event "Tradewise Gibraltar"]
[Site "Caleta ENG"]
[Date "2015.02.02"]
[Round "7.77"]
[White "Diego Herman"]
[Black "Yago De Moura Santiago"]
[Result "0-1"]
[WhiteElo "2148"]
[BlackElo "2406"]
[Annotator "Wall,Bill"]
[PlyCount "36"]
[EventDate "2015.01.27"]

1. Nc3 d5 2. Nf3 Nf6 3. e3 g6 4. b3 Bg7 5. Bb2 O-O 6. d4 b6 7. Bd3 Bb7 8. O-O
Nbd7 9. Qe2 c5 10. Rad1 a6 11. e4 cxd4 12. Nxd5 Nxd5 13. exd5 Bxd5 14. Nxd4 e5
15. Nf3 $2 (15. Nf5 gxf5 16. Bxf5) 15... e4 16. Bxe4 Bxe4 17. Qxe4 Bxb2 18. Qc6
Ra7 0-1

[Event "Tradewise Gibraltar"]
[Site "Caleta ENG"]
[Date "2015.02.02"]
[Round "7.88"]
[White "Stephen A J Whatley"]
[Black "Gerben Veltkamp"]
[Result "1-0"]
[WhiteElo "1949"]
[BlackElo "2175"]
[Annotator "Wall,Bill"]
[PlyCount "37"]
[EventDate "2015.01.27"]

1. e4 e5 2. Nf3 Nc6 3. Bc4 Nf6 4. d3 Be7 5. O-O O-O 6. Re1 d6 7. a4 Be6 8. a5
Bxc4 9. dxc4 b6 10. axb6 axb6 11. Rxa8 Qxa8 12. Nc3 Nd7 13. Nd5 Qb7 14. Bg5
Bxg5 15. Nxg5 h6 16. Qg4 Qc8 (16... f5) 17. Nf3 Nc5 $2 (17... f5) 18. Qxc8 Rxc8
19. b4 1-0

[Event "Tradewise Gibraltar"]
[Site "Caleta ENG"]
[Date "2015.02.02"]
[Round "7.89"]
[White "Martin Nilsen"]
[Black "Rene Zimmermann"]
[Result "0-1"]
[WhiteElo "2011"]
[BlackElo "2172"]
[Annotator "Wall,Bill"]
[PlyCount "32"]
[EventDate "2015.01.27"]

1. e3 Nf6 2. d4 g6 3. Nf3 Bg7 4. c4 O-O 5. Nc3 d6 6. Be2 Nbd7 7. O-O e5 8. b4
Re8 9. d5 a5 10. bxa5 Rxa5 11. Nd2 Nc5 12. Nb3 Nxb3 13. Qxb3 Nd7 14. Qc2 Nc5
15. Ne4 $2 (15. e4) 15... Nxe4 16. Qxe4 Bf5 0-1

[Event "Tradewise Gibraltar"]
[Site "Caleta ENG"]
[Date "2015.02.02"]
[EventDate "2015.01.27"]
[Round "7.98"]
[Result "1-0"]
[White "Brian Wr Hewson"]
[Black "Gonzalez Espana, Maria Gabriela"]
[WhiteElo "2084"]
[BlackElo "1917"]
[PlyCount "72"]

1. d4 Nf6 2. c4 g6 3. f3 Bg7 4. e4 d6 5. Nc3 O-O 6. Be3 c6 7. Qd2 a6 8. Bd3 b5
9. cxb5 axb5 10. Nge2 b4 11. Nd1 Qa5 12. Bh6 Bxh6 13. Qxh6 Qh5 14. Qxh5 Nxh5 15.
g4 Ng7 16. Ne3 Nd7 17. Kd2 Ba6 18. Rhc1 Bxd3 19. Kxd3 Ra6 20. a4 bxa3 21. Rxa3
Rfa8 22. Rxc6 Rxa3+ 23. bxa3 Rxa3+ 24. Nc3 Ra7 25. Ned5 Nf8 26. Rc8 Ne6 27. Re8
g5 28. Nxe7+ Kg7 29. Nf5+ Kg6 30. Nxd6 Nf4+ 31. Kd2 N8e6 32. Nf5 h5 33. d5 Nc5
34. gxh5+ Nxh5 35. Rh8 Nf6 36. Rh6# 1-0

[Event "Tradewise Gibraltar"]
[Site "Caleta ENG"]
[Date "2015.02.02"]
[EventDate "2015.01.27"]
[Round "7.109"]
[Result "1/2-1/2"]
[White "Lolomari Erekosima George"]
[Black "Henderson de La Fuente, Lance"]
[WhiteElo "1857"]
[BlackElo "2014"]
[PlyCount "78"]

1. Nf3 d5 2. c4 e6 3. b3 Nf6 4. Bb2 c6 5. e3 Bd6 6. d4 Nbd7 7. Bd3 O-O 8. O-O
Ne4 9. Nbd2 f5 10. Ne5 g5 11. f3 Nxd2 12. Qxd2 Qe8 13. Nxd7 Bxd7 14. e4 Qh5 15.
g3 Rf7 16. Bc3 Raf8 17. e5 Be7 18. Bb4 Be8 19. Bxe7 Rxe7 20. cxd5 cxd5 21. Rac1
h6 22. Rc3 Qf7 23. Rfc1 Qg7 24. Qc2 a6 25. a4 h5 26. h3 g4 27. f4 gxh3 28. Kh2
Qg6 29. Bf1 Rg7 30. Bxh3 Qh6 31. Qf2 Bc6 32. Bf1 h4 33. Bh3 hxg3+ 34. Rxg3 Rf7
35. Rcg1 Rxg3 36. Qxg3+ Rg7 37. Qxg7+ Qxg7 38. Rxg7+ Kxg7 39. Bf1 Kh6 1/2-1/2

[Event "Tradewise Gibraltar"]
[Site "Caleta ENG"]
[Date "2015.02.02"]
[EventDate "2015.01.27"]
[Round "7.44"]
[Result "1-0"]
[White "Robert Bellin"]
[Black "Nico Georgiadis"]
[WhiteElo "2338"]
[BlackElo "2490"]
[PlyCount "66"]

1. e4 c5 2. Nf3 g6 3. h4 h5 4. d4 cxd4 5. Bc4 Bg7 6. c3 d3 7. Qb3 e6 8. Bf4 Nf6
9. Bxd3 d5 10. Nbd2 O-O 11. Rd1 Nc6 12. O-O b6 13. Qa3 Qd7 14. Rfe1 Bb7 15. Bc2
Rfd8 16. Bg5 Qc7 17. c4 d4 18. e5 Ng4 19. Bxd8 Rxd8 20. Be4 Ncxe5 21. Qxa7 Nc6
22. Bxc6 Qxc6 23. c5 bxc5 24. Nb3 Ba8 25. Qxc5 Qb7 26. Nbxd4 Rc8 27. Qa3 Qb8 28.
Qb3 Qc7 29. Nxe6 fxe6 30. Qxe6+ Kh8 31. Rd7 Qc2 32. Qe8+ Bf8 33. Qf7 1-0

[Event "Tradewise Gibraltar"]
[Site "Caleta ENG"]
[Date "2015.02.03"]
[EventDate "2015.01.27"]
[Round "8.49"]
[Result "1/2-1/2"]
[White "Daniel Sorm"]
[Black "Salome Melia"]
[WhiteElo "2319"]
[BlackElo "2473"]
[PlyCount "68"]

1. d4 Nf6 2. Bg5 e6 3. e4 h6 4. Bxf6 Qxf6 5. Nc3 Bb4 6. Qd3 e5 7. dxe5 Qxe5 8.
Ne2 b6 9. O-O-O Ba6 10. Qd5 Qxd5 11. Nxd5 Bd6 12. Nd4 Kd8 13. f4 Re8 14. e5 Bf8
15. Nc6+ Kc8 16. Nxb8 Bxf1 17. Rhxf1 Rxb8 18. Rfe1 d6 19. exd6 Rxe1 20. Rxe1
Bxd6 21. Re8+ Kb7 22. Rxb8+ Kxb8 23. g3 Kc8 24. Kd2 Kd7 25. Ke3 Ke6 26. c4 c6
27. Nc3 Bc5+ 28. Ke4 f5+ 29. Kd3 g5 30. Ne2 gxf4 31. gxf4 Bf2 32. Nd4+ Bxd4 33.
Kxd4 c5+ 34. Ke3 1/2-1/2

[Event "Tradewise Gibraltar"]
[Site "Caleta ENG"]
[Date "2015.02.03"]
[Round "8.78"]
[White "Dirceu Viana"]
[Black "Uwe Mehlhorn"]
[Result "1-0"]
[WhiteElo "2268"]
[BlackElo "2121"]
[Annotator "Wall,Bill"]
[PlyCount "39"]
[EventDate "2015.01.27"]

1. e4 d6 2. d4 g6 3. Be3 Bg7 4. Nc3 a6 5. Qd2 Nd7 6. h4 h5 7. Nh3 Ndf6 8. f3
Bxh3 9. Rxh3 e5 10. O-O-O Bh6 11. g3 Qe7 12. Rh2 O-O-O 13. Bh3+ Kb8 14. Bg5
Bxg5 15. hxg5 Nh7 16. f4 f6 (16... exf4) 17. dxe5 fxe5 18. Nd5 Qg7 19. Qa5 h4
20. gxh4 1-0

[Event "Tradewise Gibraltar"]
[Site "Caleta ENG"]
[Date "2015.02.03"]
[EventDate "2015.01.27"]
[Round "8.87"]
[Result "0-1"]
[White "Terron Elena, Francisco M"]
[Black "Henrik Oie Lobersli"]
[WhiteElo "2218"]
[BlackElo "1957"]
[PlyCount "108"]

1. d4 d5 2. c4 e6 3. Nc3 Nf6 4. cxd5 exd5 5. Bg5 Nbd7 6. e3 Bb4 7. Bd3 O-O 8.
Ne2 c5 9. O-O c4 10. Bc2 Re8 11. Nxd5 Bd6 12. Nxf6+ Nxf6 13. Bf4 b5 14. b3 cxb3
15. axb3 Bb7 16. Bxd6 Qxd6 17. Ng3 a6 18. Qd2 Rac8 19. f3 g6 20. e4 Qb6 21. Kh1
Rc7 22. Rad1 a5 23. e5 Nd5 24. Ne4 Kh8 25. Nc5 Nb4 26. Be4 Bd5 27. Ra1 Ra7 28.
Rae1 Qc6 29. Rc1 Qb6 30. Rfe1 Rd8 31. Re2 Re7 32. Qg5 Ree8 33. Rce1 Kg7 34. Qd2
Bxe4 35. Nxe4 Rxd4 36. Qc3 Rxe5 37. Rd2 Red5 38. h3 Kg8 39. Nc5 Nc6 40. Re8+ Kg7
41. Rxd4 Nxd4 42. Ne4 Qc6 43. Qxc6 Nxc6 44. Rc8 Rd1+ 45. Kh2 Nd4 46. Rc5 Rd3 47.
Nd6 Rxb3 48. Rd5 Rb4 49. Ne8+ Kf8 50. Nc7 a4 51. Rd8+ Ke7 52. Ra8 Kd6 53. Na6
Rc4 54. Rd8+ 0-1

[Event "Tradewise Gibraltar"]
[Site "Caleta ENG"]
[Date "2015.02.03"]
[EventDate "2015.01.27"]
[Round "8.93"]
[Result "1-0"]
[White "Yongjoo Kim"]
[Black "Klara Varga"]
[WhiteElo "1903"]
[BlackElo "2145"]
[PlyCount "60"]

1. d4 e6 2. c4 Nf6 3. Nc3 Bb4 4. Qc2 d5 5. a3 Bxc3+ 6. Qxc3 Ne4 7. Qc2 c5 8.
dxc5 Nd7 9. e3 a5 10. cxd5 exd5 11. Bb5 Qg5 12. f3 Nxc5 13. Nh3 Qh4+ 14. Nf2 O-O
15. O-O a4 16. Bd2 Nb3 17. Rad1 d4 18. Bb4 Re8 19. Ne4 Qh6 20. Qc7 dxe3 21. Rfe1
Qh4 22. Rxe3 Kh8 23. Red3 f5 24. Nd6 Re2 25. Qd8+ Qxd8 26. Nf7+ Kg8 27. Nxd8 Ne5
28. Rd5 Nxf3+ 29. gxf3 Rxb2 30. Bc4 1-0

[Event "Tradewise Gibraltar"]
[Site "Caleta ENG"]
[Date "2015.02.03"]
[Round "8.107"]
[White "Ravdanlkhumbuu Amgalanbaatar"]
[Black "Tim R Spanton"]
[Result "1-0"]
[WhiteElo "2117"]
[BlackElo "1963"]
[Annotator "Wall,Bill"]
[PlyCount "29"]
[EventDate "2015.01.27"]

1. e4 e5 2. Bc4 Bc5 3. d3 Nf6 4. Nc3 Nc6 5. f4 d6 6. Nf3 Ng4 7. Ng5 O-O 8. f5
Bf2+ 9. Kf1 Ne3+ 10. Bxe3 Bxe3 11. h4 Bxg5 12. hxg5 Qxg5 13. Rh5 Qf4+ 14. Kg1
Nd4 $2 (14... Qe3+ 15. Kh1 Ne7) 15. Nd5 1-0

[Event "Tradewise Gibraltar"]
[Site "Caleta ENG"]
[Date "2015.02.04"]
[EventDate "2015.01.27"]
[Round "9.26"]
[Result "0-1"]
[White "Lawrence Trent"]
[Black "Eric Hansen"]
[WhiteElo "2470"]
[BlackElo "2574"]
[PlyCount "78"]

1. e4 c5 2. Nf3 d6 3. Bb5+ Nd7 4. c3 Nf6 5. Qe2 a6 6. Ba4 b5 7. Bc2 Bb7 8. d3 g6
9. O-O Bg7 10. Rd1 O-O 11. Nbd2 e5 12. Nf1 h6 13. Ng3 Qc7 14. h3 Rfe8 15. Nh2
Nf8 16. Ng4 Nxg4 17. hxg4 Ne6 18. a4 Rad8 19. axb5 axb5 20. Bb3 Nf4 21. Qf3 c4
22. dxc4 bxc4 23. Ba4 Re6 24. Bxf4 exf4 25. Qxf4 Qb6 26. Qd2 d5 27. exd5 Rxd5
28. Qc2 Rg5 29. Bd7 Re7 30. Ra4 Qc7 31. Bf5 gxf5 32. Nxf5 Rxg4 33. Nxe7+ Qxe7
34. g3 Qh4 35. Kf1 Qh1+ 36. Ke2 Qf3+ 37. Kf1 Be4 38. Rd8+ Kh7 39. Qd2 Qh1+ 0-1

[Event "Tradewise Gibraltar"]
[Site "Caleta ENG"]
[Date "2015.02.04"]
[EventDate "2015.01.27"]
[Round "9.32"]
[Result "0-1"]
[White "Vishnu Prasanna, V"]
[Black "Allan Stig Rasmussen"]
[WhiteElo "2463"]
[BlackElo "2526"]
[PlyCount "68"]

1. e4 c6 2. d4 d5 3. e5 Bf5 4. h4 h5 5. c4 e6 6. Nc3 Be7 7. Nge2 dxc4 8. Ng3 Bg4
9. f3 Bxh4 10. Rxh4 Qxh4 11. Ne4 Bf5 12. Bg5 Qh2 13. Nd6+ Kf8 14. Ngxf5 exf5 15.
Qc1 b5 16. b3 Nd7 17. a4 c5 18. Kf2 f6 19. axb5 fxg5 20. Qxg5 Ne7 21. Bxc4 cxd4
22. f4 Nxe5 23. Nxf5 N5g6 24. Re1 Re8 25. Re4 h4 26. Ke1 Qg1+ 27. Kd2 Qf2+ 28.
Kd3 Qf1+ 29. Kd2 Qf2+ 30. Kd3 h3 31. Nxe7 Nxe7 32. Rxe7 Qf1+ 33. Kxd4 Qa1+ 34.
Kc5 Rxe7 0-1

[Event "Tradewise Gibraltar"]
[Site "Caleta ENG"]
[Date "2015.02.04"]
[EventDate "2015.01.27"]
[Round "9.56"]
[Result "1-0"]
[White "Erik Blomqvist"]
[Black "Boyer Censore, Giuseppe Enmanuel"]
[WhiteElo "2520"]
[BlackElo "1960"]
[PlyCount "88"]

1. e4 c5 2. Nf3 e6 3. g3 Nc6 4. Bg2 Nf6 5. Qe2 Qc7 6. O-O d6 7. c3 Be7 8. d4 O-O
9. dxc5 dxc5 10. e5 Nd7 11. Bf4 Rd8 12. h4 Nb6 13. Nbd2 h6 14. c4 Nb4 15. Ne1
Bd7 16. Ne4 Bc6 17. b3 Bf8 18. a3 Na6 19. h5 Rd7 20. Nc2 Kh8 21. Ne3 Rad8 22.
Ng4 Bxe4 23. Bxe4 Nc8 24. Rad1 Ne7 25. Rxd7 Qxd7 26. Ne3 b6 27. Qf3 Kg8 28. Rd1
Qe8 29. Bc2 Nb8 30. Rd6 Nec6 31. Qe4 g6 32. Ng4 Bg7 33. Bxh6 Bh8 34. hxg6 fxg6
35. Rxd8 Nxd8 36. Bg5 Nbc6 37. Bf6 Bg7 38. Bxg7 Kxg7 39. Qf4 Qf8 40. Qh6+ Kf7
41. Bxg6+ Ke7 42. Qh7+ Nf7 43. Nh6 Nd8 44. Nxf7 Nxf7 1-0

[Event "Tradewise Gibraltar"]
[Site "Caleta ENG"]
[Date "2015.02.04"]
[Round "9.70"]
[White "Santos Ruiz, Miguel"]
[Black "Yongjoo Kim"]
[Result "1-0"]
[WhiteElo "2310"]
[BlackElo "1903"]
[Annotator "Wall,Bill"]
[PlyCount "39"]
[EventDate "2015.01.27"]

1. Nf3 Nf6 2. c4 c6 3. e3 d5 4. Nc3 e6 5. b3 Bd6 6. Bb2 O-O 7. Qc2 Nbd7 8. Rg1
dxc4 9. bxc4 b6 10. g4 Bb7 11. g5 Ne8 12. Bd3 g6 13. Ne4 Be7 14. h4 f5 $2 (
14... Ng7) 15. gxf6 Nexf6 16. Neg5 b5 17. h5 h6 18. Nh3 g5 19. Nfxg5 Nxh5 20.
Nxe6+ 1-0

[Event "Tradewise Gibraltar"]
[Site "Caleta ENG"]
[Date "2015.02.04"]
[Round "9.80"]
[White "Andy Baert"]
[Black "Sanchez Jerez, Emilio Miguel"]
[Result "0-1"]
[WhiteElo "2114"]
[BlackElo "2282"]
[Annotator "Wall,Bill"]
[PlyCount "40"]
[EventDate "2015.01.27"]

1. d4 f5 2. c4 Nf6 3. Nc3 g6 4. h4 d6 5. h5 Nxh5 6. Rxh5 gxh5 7. e4 fxe4 8.
Qxh5+ Kd7 9. Qg4+ e6 10. d5 Qf6 11. g3 c6 12. Bg5 Qg6 13. Bh3 Kc7 14. Nge2 $2 (
14. dxe6) 14... Rg8 15. Nxe4 h6 16. Nf6 hxg5 17. Nxg8 Na6 18. dxe6 Nc5 19. Nf4
Qxg8 20. b4 Nxe6 0-1